[Event "GER-chT U20"]
[Site "Osnabrueck"]
[Date "2012.12.28"]
[Round "4.5"]
[White "Van Klev, Fabian"]
[Black "Schopferer, Markus"]
[Result "1-0"]
[WhiteElo "1788"]
[BlackElo "1606"]
[PlyCount "61"]
[EventDate "2012.12.27"]
[EventType "team-swiss"]
[EventRounds "7"]
[EventCountry "GER"]
[SourceTitle "EXT 2014"]
[Source "ChessBase"]
[SourceDate "2013.11.20"]
[SourceVersion "1"]
[SourceVersionDate "2013.11.20"]
[SourceQuality "1"]
[WhiteTeam "Brackel"]
[BlackTeam "Heitersheim"]
[WhiteTeamCountry "GER"]
[BlackTeamCountry "GER"]

1. Nf3 b6 2. d4 Bb7 3. c4 e6 4. Nc3 Nf6 5. e3 d5 6. Bd3 Nbd7 7. 0-0 Bd6 8. cxd5 Nxd5 9. e4 Nxc3 10. bxc3 e5 11. Qe2 0-0 12. d5 Nc5 13. Be3 Qe7 14. Nd2 Nxd3 15. Qxd3 Rfe8 16. a4 a5 17. Rfc1 Ba6 18. c4 Rab8 19. Nb3 Bb4 20. Bd2 Red8 21. Bxb4 Qxb4 22. Qc3 Qxc3 23. Rxc3 Kf8 24. g3 Ke7 25. f4 f6 26. Rac1 Rbc8 27. c5 h6 28. Kf2 Rf8 29. cxb6 cxb6 30. Rc7+ Kd6 31. R1c6# 1-0

[Event "GER-chT U20"]
[Site "Osnabrueck"]
[Date "2012.12.27"]
[Round "1.5"]
[White "Schopferer, Markus"]
[Black "Wagner, Robert"]
[Result "0-1"]
[WhiteElo "1606"]
[BlackElo "1799"]
[PlyCount "74"]
[EventDate "2012.12.27"]
[EventType "team-swiss"]
[EventRounds "7"]
[EventCountry "GER"]
[SourceTitle "EXT 2014"]
[Source "ChessBase"]
[SourceDate "2013.11.20"]
[SourceVersion "1"]
[SourceVersionDate "2013.11.20"]
[SourceQuality "1"]
[WhiteTeam "Heitersheim"]
[BlackTeam "Forchheim"]
[WhiteTeamCountry "GER"]
[BlackTeamCountry "GER"]

1. g3 d5 2. Bg2 Nf6 3. d3 e6 4. e3 Be7 5. Bd2 c5 6. Nc3 Bd7 7. Nf3 Bc6 8. Ne5 0-0 9. Nxc6 Nxc6 10. 0-0 Rb8 11. e4 d4 12. Ne2 b5 13. f4 c4 14. e5 Nd5 15. Bxd5 Qxd5 16. Be1 Bc5 17. a3 Rbe8 18. b4 Bb6 19. Bf2 c3 20. h3 f6 21. exf6 Rxf6 22. Kh2 e5 23. Re1 Bc7 24. Ng1 Ref8 25. Qf3 Qd7 26. Qg2 exf4 27. gxf4 Rxf4 28. Re2 Rxf2+ 29. Kh1 Rxg2 30. Rxg2 Ne5 31. Re1 Qd5 32. Re4 Ng6 33. Rge2 Nf4 34. Rf2 Re8 35. Rf3 Rxe4 36. dxe4 Qxe4 37. Kh2 Qxc2+ 0-1

[Event "GER-chT U14"]
[Site "Verden"]
[Date "2008.12.29"]
[Round "5.2"]
[White "Gitter, Lucas"]
[Black "Schopferer, Markus"]
[Result "0-1"]
[WhiteElo "1604"]
[BlackElo "1412"]
[PlyCount "98"]
[EventDate "2008.12.27"]
[EventType "team-swiss"]
[EventRounds "7"]
[EventCountry "GER"]
[SourceTitle "EXT 2010"]
[Source "ChessBase"]
[SourceDate "2010.11.25"]
[SourceVersion "1"]
[SourceVersionDate "2010.11.25"]
[SourceQuality "1"]
[WhiteTeam "Jena"]
[BlackTeam "Heitersheim"]
[WhiteTeamCountry "GER"]
[BlackTeamCountry "GER"]

1. e4 b6 2. d4 Bb7 3. Nc3 e6 4. Bd3 Nc6 5. Nge2 Bb4 6. 0-0 Bxc3 7. bxc3 Nge7 8. f4 d5 9. e5 Qd7 10. Ng3 g6 11. Be3 Nf5 12. Bf2 Nxg3 13. Bxg3 Ne7 14. Bh4 0-0-0 15. Bf6 Rhg8 16. Qe2 Rde8 17. a4 c6 18. Ba6 Kc7 19. Rfb1 Rb8 20. Rd1 Bxa6 21. Qxa6 Rb7 22. Rd3 h5 23. Bg5 Rc8 24. c4 dxc4 25. Qxc4 Nd5 26. Qb3 Kb8 27. Rb1 a5 28. c3 Ka7 29. Rf1 Qc7 30. Qa3 c5 31. Bh4 cxd4 32. cxd4 Nb4 33. Rdd1 Qc3 34. Rf3 Qxa3 35. Rxa3 Rbc7 36. Be1 Rc1 37. Ra1 Rxa1 38. Rxa1 Nd5 39. g3 Rc4 40. Bf2 Ka6 41. Kg2 b5 42. axb5+ Kxb5 43. Rb1+ Nb4 44. Kh3 a4 45. g4 hxg4+ 46. Kxg4 a3 47. Kg5 Ka4 48. Kf6 Rc7 49. Be1 Nd5+ 0-1